Relational Data Clustering : Models, Algorithms, and Applications

Gespeichert in:
Bibliographische Detailangaben
Hauptverfasser: Long, Bo (Verfasst von), Zhang, Zhongfei (Verfasst von), Yu, Philip S. (Verfasst von)
Format: Buch
Sprache:Englisch
Veröffentlicht: Boca Raton : Chapman & Hall/CRC, 2010
Schlagworte:
Tags: Tag hinzufügen
Keine Tags, Fügen Sie das erste Tag hinzu!

MARC

LEADER 00000nam a22000003a 4500
001 stu219254
005 20150617225740.6
008 101210s2010----xxu-----------------eng-d
020 |a 978-1-4200-7261-7 
040 |a STU  |b slo 
041 0 |a eng 
044 |a xxu 
100 1 |a Long, Bo  |4 aut 
245 1 |a Relational Data Clustering :  |b Models, Algorithms, and Applications 
260 |a Boca Raton :  |b Chapman & Hall/CRC,  |c 2010 
300 |a 196 s 
650 7 |a získavanie dát  |2 stusub 
650 7 |a Analýza zhluková  |2 stusub 
650 7 |a relačná databáza  |2 stusub 
700 1 |a Zhang, Zhongfei  |4 aut 
700 1 |a Yu, Philip S.  |4 aut 
996 |c I*11WS6226  |l I  |s P  |a 0  |w stu219254_0001